000 00327nam a2200133Ia 4500
008 240624s9999 xx 000 0 und d
041 _aeng
082 _a920 MUR
100 _aMURTHI R K
245 _aC RAJAGOPALACHARI THE TRUE PATRIOT
260 _c2003
_aNew Delhi
_bRupa and Company
300 _a64 : p.
365 _cRS
_b25
999 _c17568
_d17568